000 00282nam a2200133 i 4500
001 bg
100 1 _aKARWAT, M.
245 0 _aOdnowiciele /
_cM. Karwat.
260 _aWarszawa,
_c1984.
040 _cBPK
041 _apol
942 _cKS
008 s pl f |000 0 pol
999 _c2338
_d2338
856 _uhttp://koha.tu.koszalin.pl/cgi-bin/koha/opac-detail.pl?biblionumber=2338
_yKatalog online BPK